[Event "13. Olimpiada por Equipos de Ajedrecist"]
[Site "Heraklio GRE"]
[Date "2008.10.26"]
[Round "7.3"]
[White "Clemente, Llamero Roberto"]
[Black "Armstrong, William G"]
[Result "1-0"]
[WhiteElo "2118"]
[BlackElo "1964"]
[PlyCount "55"]
[EventDate "2008.10.18"]
[EventType "team-"]
[EventRounds "9"]
[EventCountry "GRE"]
[Source "lmi"]
[SourceDate "2008.10.19"]

1. e4 c5 2. Nf3 Nc6 3. d4 cxd4 4. Nxd4 Nf6 5. Nc3 e5 6. Ndb5 d6 7. Bg5 a6 8.
Na3 b5 9. Bxf6 gxf6 10. Nd5 f5 11. c3 fxe4 12. Bxb5 axb5 13. Nxb5 Be6 14. Nbc7+
Kd7 15. Nxa8 Bxd5 16. Qxd5 Qxa8 17. Qxf7+ Ne7 18. O-O Qd5 19. Qh5 Qe6 20. Rfd1
Bh6 21. Qe2 Rb8 22. a4 Qg6 23. a5 Nf5 24. Qxe4 Rxb2 25. a6 Be3 26. fxe3 Nxe3
27. Qxg6 hxg6 28. a7 1-0

[Event "13. Olimpiada por Equipos de Ajedrecist"]
[Site "Heraklio GRE"]
[Date "2008.10.26"]
[Round "7.3"]
[White "Crouch, Colin S"]
[Black "Palacios Perez, Manuel"]
[Result "1-0"]
[WhiteElo "2359"]
[BlackElo "2195"]
[PlyCount "70"]
[EventDate "2008.10.18"]
[EventType "team-"]
[EventRounds "9"]
[EventCountry "GRE"]
[Source "lmi"]
[SourceDate "2008.10.19"]

1. d4 Nf6 2. Nf3 e6 3. c4 Bb4+ 4. Nbd2 O-O 5. e3 b6 6. Bd3 Bb7 7. O-O d5 8.
cxd5 exd5 9. Ne5 Nbd7 10. f4 Bxd2 11. Bxd2 c5 12. Rf3 Ne4 13. Rh3 Ndf6 14. Be1
Qd6 15. Qf3 a5 16. Rd1 cxd4 17. exd4 Rfc8 18. Rh4 Rc7 19. g4 Nd7 20. Qe3 Nf8
21. f5 f6 22. Nf3 Re7 23. Bxe4 Rxe4 24. Qb3 Rae8 25. Bg3 Qb4 26. Qxb4 axb4 27.
g5 Re3 28. Rf4 Ba6 29. gxf6 gxf6 30. Nd2 Rc8 31. Nf1 Re2 32. Rf2 Re4 33. Bd6
Kf7 34. Ne3 Ree8 35. Bxb4 Nd7 1-0

[Event "13. Olimpiada por Equipos de Ajedrecist"]
[Site "Heraklio GRE"]
[Date "2008.10.26"]
[Round "7.3"]
[White "Draghici Flutur, Gavril"]
[Black "Ross, Chris N"]
[Result "0-1"]
[WhiteElo "2153"]
[BlackElo "2172"]
[PlyCount "80"]
[EventDate "2008.10.18"]
[EventType "team-"]
[EventRounds "9"]
[EventCountry "GRE"]
[Source "lmi"]
[SourceDate "2008.10.19"]

1. e4 c5 2. Nf3 e6 3. Nc3 a6 4. d4 cxd4 5. Nxd4 b5 6. Bd3 Qc7 7. O-O Bb7 8. Re1
Nf6 9. e5 b4 10. Nb1 Nd5 11. Bd2 Qb6 12. Nb3 Nc6 13. c4 bxc3 14. Nxc3 Ncb4 15.
Be4 Nxc3 16. Bxc3 Bxe4 17. Rxe4 Nd5 18. Ba5 Qb7 19. Rg4 g6 20. Rc4 Be7 21. h4
h5 22. Rac1 g5 23. Qc2 Kf8 24. hxg5 Kg7 25. Bd2 h4 26. g6 h3 27. Rg4 f5 28.
exf6+ Nxf6 29. Bc3 hxg2 30. Rxg2 Rh5 31. Nd4 Rah8 32. f3 Bc5 33. Kf2 e5 34. b4
Ba7 35. Qb3 d5 36. Ke2 exd4 37. Bd2 Rh2 38. Rf2 d3+ 39. Kxd3 Rxf2 40. Bf4 Qb5+
0-1

[Event "13. Olimpiada por Equipos de Ajedrecist"]
[Site "Heraklio GRE"]
[Date "2008.10.26"]
[Round "7.3"]
[White "Lilley, Graham"]
[Black "Vela Ignacio, Jose Manuel"]
[Result "0-1"]
[WhiteElo "2103"]
[BlackElo "2115"]
[PlyCount "106"]
[EventDate "2008.10.18"]
[EventType "team-"]
[EventRounds "9"]
[EventCountry "GRE"]
[Source "lmi"]
[SourceDate "2008.10.19"]

1. Nf3 e6 2. g3 f5 3. d4 Nf6 4. Bg2 d5 5. O-O Bd6 6. Ne5 Nbd7 7. Bf4 Bxe5 8.
dxe5 Ng4 9. Qd4 c5 10. Qc3 g5 11. h3 gxf4 12. hxg4 Qg5 13. gxf5 Qxf5 14. gxf4
Qxf4 15. e3 Qxe5 16. f4 Qf6 17. Qxf6 Nxf6 18. Nc3 Bd7 19. f5 Ke7 20. Rad1 Rhg8
21. Kh1 Rg5 22. e4 Rag8 23. Rd2 d4 24. e5 Nh5 25. Ne4 exf5 26. Nxg5 Ng3+ 27.
Kg1 Nxf1 28. Kxf1 Rxg5 29. Bxb7 Ke6 30. b4 Bb5+ 31. Kf2 Rg7 32. Bf3 Kxe5 33.
bxc5 Rc7 34. Ke1 Rxc5 35. Rh2 Rc7 36. Kd2 Ba4 37. Bd1 Bc6 38. Be2 Be4 39. Bd3
Rg7 40. Rh6 Rg2+ 41. Kc1 Bxd3 42. cxd3 Rg7 43. Kd2 Rd7 44. Ke2 Kf4 45. Re6 h5
46. Kf2 Rb7 47. a4 Rb2+ 48. Ke1 Ra2 49. Ra6 h4 50. Rxa7 h3 51. Rh7 h2 52. Kf1
Kg3 53. Rg7+ Kf3 0-1

[Event "13. Olimpiada por Equipos de Ajedrecist"]
[Site "Heraklio GRE"]
[Date "2008.10.26"]
[Round "7.4"]
[White "Bokan, Danko"]
[Black "Cajzler, Hinko"]
[Result "1/2-1/2"]
[WhiteElo "2323"]
[BlackElo "2171"]
[PlyCount "43"]
[EventDate "2008.10.18"]
[EventType "team-"]
[EventRounds "9"]
[EventCountry "GRE"]
[Source "lmi"]
[SourceDate "2008.10.19"]

1. e4 c6 2. d4 d5 3. Nd2 dxe4 4. Nxe4 Nf6 5. Ng3 g6 6. Nf3 Bg4 7. Be2 Bg7 8.
O-O O-O 9. h3 Bc8 10. c4 b6 11. Qc2 Nbd7 12. Bf4 Bb7 13. Rfd1 Qc8 14. Rd2 Re8
15. Rad1 c5 16. d5 Nf8 17. Ng5 h6 18. N5e4 Nxe4 19. Nxe4 f5 20. Nc3 e5 21. Bh2
Qd7 22. a3 1/2-1/2

[Event "13. Olimpiada por Equipos de Ajedrecist"]
[Site "Heraklio GRE"]
[Date "2008.10.26"]
[Round "7.4"]
[White "Marendic, Vlatko"]
[Black "Markov, Ziva"]
[Result "1-0"]
[WhiteElo "2205"]
[BlackElo "2089"]
[PlyCount "95"]
[EventDate "2008.10.18"]
[EventType "team-"]
[EventRounds "9"]
[EventCountry "GRE"]
[Source "lmi"]
[SourceDate "2008.10.19"]

1. d4 d5 2. Nf3 Nf6 3. e3 Bf5 4. c4 c6 5. Qb3 Qb6 6. Nc3 e6 7. Bd2 Nbd7 8. Qxb6
axb6 9. Nh4 Bg6 10. cxd5 exd5 11. Rc1 b5 12. a3 b4 13. axb4 Bxb4 14. Nxg6 hxg6
15. Be2 g5 16. O-O Bd6 17. g3 Ke7 18. Ra1 Rab8 19. Rfc1 Rh7 20. Kg2 Rbh8 21.
Rh1 Bb8 22. f3 Ne8 23. e4 dxe4 24. fxe4 f6 25. e5 fxe5 26. Bxg5+ Nef6 27. dxe5
Nxe5 28. Ne4 Rf8 29. Nc5 b6 30. Nd3 Rd8 31. Nxe5 Bxe5 32. Rhe1 Rd4 33. Bf3 Kd6
34. Re2 c5 35. Be3 Rb4 36. Rd1+ Kc7 37. Bg5 Rxb2 38. Rde1 Rxe2+ 39. Rxe2 Kd6
40. Rd2+ Kc7 41. Ra2 Nd7 42. Ra7+ Kd6 43. Bg4 g6 44. Rb7 Kc6 45. Bf3+ Kd6 46.
Bd8 Rh8 47. Bc7+ Ke7 48. Bxe5 1-0

[Event "13. Olimpiada por Equipos de Ajedrecist"]
[Site "Heraklio GRE"]
[Date "2008.10.26"]
[Round "7.4"]
[White "Zaja, Stjepan"]
[Black "Vulin, Milorad"]
[Result "1/2-1/2"]
[WhiteElo "1815"]
[BlackElo "2092"]
[PlyCount "63"]
[EventDate "2008.10.18"]
[EventType "team-"]
[EventRounds "9"]
[EventCountry "GRE"]
[Source "lmi"]
[SourceDate "2008.10.19"]

1. d4 Nf6 2. c3 g6 3. Nf3 Bg7 4. g3 O-O 5. Bg2 d6 6. Nbd2 Nbd7 7. O-O c5 8. e3
Rb8 9. a4 b6 10. Re1 Bb7 11. e4 e6 12. Nc4 Nxe4 13. Bf4 Ndf6 14. dxc5 e5 15.
Be3 bxc5 16. Ng5 Nxg5 17. Bxg5 Bxg2 18. Kxg2 Qc7 19. Qxd6 Qxd6 20. Nxd6 Rxb2
21. Be3 Nd7 22. Rab1 Rfb8 23. Rxb2 Rxb2 24. Ne4 Rb3 25. Rd1 f5 26. Nxc5 Nxc5
27. Bxc5 Rxc3 28. Bxa7 Ra3 29. Rd8+ Kf7 30. Rd7+ Kg8 31. Rd8+ Kf7 32. Rd7+
1/2-1/2

[Event "13. Olimpiada por Equipos de Ajedrecist"]
[Site "Heraklio GRE"]
[Date "2008.10.26"]
[Round "7.5"]
[White "Kostadinovski, Zoran"]
[Black "Thomsson, Hakan"]
[Result "0-1"]
[WhiteElo "2040"]
[BlackElo "1400"]
[PlyCount "27"]
[EventDate "2008.10.18"]
[EventType "team-"]
[EventRounds "9"]
[EventCountry "GRE"]
[Source "lmi"]
[SourceDate "2008.10.19"]

1. d4 f5 2. c4 Nf6 3. Nc3 g6 4. Nf3 Bg7 5. Qc2 O-O 6. g3 d6 7. Bg2 Nc6 8. O-O
Rb8 9. Bd2 Ne4 10. Nxe4 fxe4 11. Qxe4 e5 12. dxe5 Bf5 13. Qd5+ Kh8 14. exd6 0-1

[Event "13. Olimpiada por Equipos de Ajedrecist"]
[Site "Heraklio GRE"]
[Date "2008.10.26"]
[Round "7.5"]
[White "Trkaljanov, Vladimir"]
[Black "Berggren, Marcus"]
[Result "1/2-1/2"]
[WhiteElo "2239"]
[BlackElo "1875"]
[PlyCount "123"]
[EventDate "2008.10.18"]
[EventType "team-"]
[EventRounds "9"]
[EventCountry "GRE"]
[Source "lmi"]
[SourceDate "2008.10.19"]

1. Nf3 c6 2. b3 d5 3. Bb2 Bf5 4. d3 e6 5. Nbd2 Nf6 6. g3 Nbd7 7. Bg2 Be7 8. O-O
O-O 9. Nh4 Ne8 10. Nxf5 exf5 11. e4 fxe4 12. dxe4 dxe4 13. Nxe4 Ndf6 14. Qe2
Nxe4 15. Bxe4 Bf6 16. Rad1 Qe7 17. Bxf6 Qxf6 18. Rd7 Nd6 19. Rd1 Nxe4 20. Qxe4
Rad8 21. Kg2 g6 22. R1d3 Rfe8 23. Qf3 Qxf3+ 24. Kxf3 Rxd7 25. Rxd7 Rb8 26. c4
Kg7 27. g4 Kf6 28. h4 h6 29. Rc7 a5 30. c5 Rd8 31. Ke4 Rd2 32. Rxb7 Rd5 33. Rc7
Rxc5 34. Kd3 Ke6 35. a4 h5 36. g5 f6 37. Rg7 Kf5 38. Rf7 Kg4 39. Rxf6 Kxh4 40.
f4 Kg4 41. Ke4 Rc1 42. Rxg6 Re1+ 43. Kd4 Kxf4 44. Rg8 Re5 45. g6 Rg5 46. Rf8+
Kg4 47. Rf6 h4 48. Ke3 Kh5 49. Rxc6 Rxg6 50. Rc8 Kg4 51. Rc1 h3 52. Rg1+ Kh5
53. Rxg6 Kxg6 54. Kf3 Kf5 55. Kg3 Ke5 56. Kxh3 Kd4 57. Kg2 Kc3 58. Kf2 Kxb3 59.
Ke2 Kxa4 60. Kd2 Kb3 61. Kc1 a4 62. Kb1 1/2-1/2

[Event "13. Olimpiada por Equipos de Ajedrecist"]
[Site "Heraklio GRE"]
[Date "2008.10.26"]
[Round "7.7"]
[White "Mynzat, Gerasim"]
[Black "Rutkauskas, Gediminas"]
[Result "0-1"]
[WhiteElo "1918"]
[BlackElo "2002"]
[PlyCount "85"]
[EventDate "2008.10.18"]
[EventType "team-"]
[EventRounds "9"]
[EventCountry "GRE"]
[Source "lmi"]
[SourceDate "2008.10.19"]

1. e4 e5 2. Bc4 Nf6 3. d3 Nc6 4. Nf3 Be7 5. c3 O-O 6. Bb3 d6 7. Nbd2 h6 8. Nf1
Re8 9. h3 Bf8 10. g4 d5 11. Qe2 a5 12. g5 hxg5 13. Bxg5 dxe4 14. dxe4 Be6 15.
Bc2 Be7 16. Ng3 Nd7 17. Be3 Bf6 18. O-O-O Bxa2 19. Nh5 Be6 20. Rdg1 a4 21. Nxg7
Kf8 22. Nxe6+ Rxe6 23. Ng5 Bxg5 24. Bxg5 Nf6 25. h4 Qd6 26. Rd1 Qe7 27. h5 a3
28. Bb3 Rd6 29. Kb1 axb2 30. Qxb2 Na5 31. Rxd6 Qxd6 32. Bxf6 Qxf6 33. h6 Nxb3
34. Qxb3 Qf3 35. Qb4+ Ke8 36. Rg1 Qd3+ 37. Kb2 Qd2+ 38. Kb1 Qd3+ 39. Kb2 Qd2+
40. Kb1 Qa2+ 41. Kc1 Qa1+ 42. Qb1 Qxc3+ 43. Kd1 0-1

[Event "13. Olimpiada por Equipos de Ajedrecist"]
[Site "Heraklio GRE"]
[Date "2008.10.26"]
[Round "7.7"]
[White "Spinu, Evgeny"]
[Black "Grybas, Gintaras"]
[Result "1/2-1/2"]
[WhiteElo "2298"]
[BlackElo "2063"]
[PlyCount "36"]
[EventDate "2008.10.18"]
[EventType "team-"]
[EventRounds "9"]
[EventCountry "GRE"]
[Source "lmi"]
[SourceDate "2008.10.19"]

1. d4 Nf6 2. c4 e6 3. Nc3 d5 4. Nf3 c6 5. cxd5 exd5 6. Bg5 Be7 7. e3 Bf5 8. Rc1
Nbd7 9. Qb3 Qb6 10. Nd2 h6 11. Bh4 O-O 12. Be2 Rfe8 13. O-O Ne4 14. Ndxe4 Qxb3
15. axb3 Bxe4 16. Bxe7 Rxe7 17. b4 a6 18. Na4 Bf5 1/2-1/2

[Event "13. Olimpiada por Equipos de Ajedrecist"]
[Site "Heraklio GRE"]
[Date "2008.10.26"]
[Round "7.9"]
[White "Bagyatkar, Madan"]
[Black "Norum, Per Ivar"]
[Result "1-0"]
[WhiteElo "1910"]
[BlackElo "1400"]
[PlyCount "69"]
[EventDate "2008.10.18"]
[EventType "team-"]
[EventRounds "9"]
[EventCountry "GRE"]
[Source "lmi"]
[SourceDate "2008.10.19"]

1. e4 c5 2. Nf3 Nc6 3. d4 cxd4 4. Nxd4 Nf6 5. Nc3 d6 6. Be3 a6 7. Bc4 e6 8. O-O
Qc7 9. Qe2 Na5 10. Bb3 Be7 11. a3 Nxb3 12. cxb3 O-O 13. Rac1 Qd8 14. f4 Bd7 15.
e5 Ne8 16. Rf3 Rc8 17. Rh3 dxe5 18. fxe5 Bg5 19. Bxg5 Qxg5 20. Rf1 Qe7 21. Qh5
h6 22. Ne4 f5 23. Nc3 Qc5 24. Qd1 Qxe5 25. Nf3 Qc7 26. Re1 Rd8 27. Qe2 Bc8 28.
Ne5 Nf6 29. Ng6 Rfe8 30. Ne5 Rd4 31. Rd3 Red8 32. Rxd4 Rxd4 33. Qf2 Qd8 34. h3
b5 35. Nc6 1-0

[Event "13. Olimpiada por Equipos de Ajedrecist"]
[Site "Heraklio GRE"]
[Date "2008.10.26"]
[Round "7.9"]
[White "Krishna, Udupa"]
[Black "Prytz, Tormod"]
[Result "1-0"]
[WhiteElo "2024"]
[BlackElo "1400"]
[PlyCount "71"]
[EventDate "2008.10.18"]
[EventType "team-"]
[EventRounds "9"]
[EventCountry "GRE"]
[Source "lmi"]
[SourceDate "2008.10.19"]

1. e4 e5 2. Nf3 Nc6 3. Bb5 a6 4. Ba4 Bc5 5. O-O Nf6 6. Qe2 d6 7. c3 O-O 8. h3
b5 9. Bc2 Bb7 10. Rd1 Re8 11. b4 Bb6 12. a4 bxa4 13. Bxa4 Re7 14. d3 h6 15. Nh4
Ne8 16. Nf5 Re6 17. Bb3 Rg6 18. Qh5 Qf6 19. Rf1 Kh7 20. Kh2 Ne7 21. Nh4 c6 22.
Nxg6 Qxg6 23. Bxf7 Qxh5 24. Bxh5 Nf6 25. Be2 Rd8 26. Be3 Bxe3 27. fxe3 Rd7 28.
Nd2 d5 29. Bf3 d4 30. exd4 exd4 31. c4 Ng6 32. Nb3 Ne5 33. Nc5 Re7 34. Ra5 Bc8
35. Be2 Kg6 36. Nb3 1-0

[Event "13. Olimpiada por Equipos de Ajedrecist"]
[Site "Heraklio GRE"]
[Date "2008.10.26"]
[Round "7.9"]
[White "Strand, Magnus"]
[Black "Shah, Swapanil"]
[Result "0-1"]
[WhiteElo "1400"]
[BlackElo "1971"]
[PlyCount "52"]
[EventDate "2008.10.18"]
[EventType "team-"]
[EventRounds "9"]
[EventCountry "GRE"]
[Source "lmi"]
[SourceDate "2008.10.19"]

1. d4 d5 2. c4 e6 3. Nf3 Nf6 4. Nc3 Be7 5. Bg5 c6 6. e3 Nbd7 7. Bd3 dxc4 8.
Bxc4 b5 9. Bd3 Bb7 10. O-O a6 11. a3 c5 12. dxc5 Nxc5 13. Be2 O-O 14. b4 Nce4
15. Nxe4 Nxe4 16. Bxe7 Qxe7 17. Rc1 Rfd8 18. Qb3 Rac8 19. Rfd1 Rxd1+ 20. Qxd1
Nc3 21. Rxc3 Rxc3 22. Qd4 Rc1+ 23. Bf1 Bxf3 24. Qf4 Be2 25. h4 Bxf1 26. Kh2 Qc7
0-1

[Event "13. Olimpiada por Equipos de Ajedrecist"]
[Site "Heraklio GRE"]
[Date "2008.10.26"]
[Round "7.10"]
[White "Ivanovic, Milan"]
[Black "Van Loy, Rick"]
[Result "1/2-1/2"]
[WhiteElo "1400"]
[BlackElo "1997"]
[PlyCount "45"]
[EventDate "2008.10.18"]
[EventType "team-"]
[EventRounds "9"]
[EventCountry "GRE"]
[Source "lmi"]
[SourceDate "2008.10.19"]

1. e4 e5 2. Nf3 Nc6 3. Nc3 Nf6 4. d4 exd4 5. Nxd4 Bb4 6. Nxc6 bxc6 7. Bd3 d5 8.
Bd2 O-O 9. O-O Re8 10. exd5 cxd5 11. Nb5 Bg4 12. f3 Bc5+ 13. Kh1 Bh5 14. Bf4
Re7 15. Re1 c6 16. Nc3 Qd7 17. Qd2 Rae8 18. Rxe7 Qxe7 19. Ne2 Bg6 20. Bxg6 hxg6
21. Nd4 Nh5 22. Bg5 Qd7 23. c3 1/2-1/2

[Event "13. Olimpiada por Equipos de Ajedrecist"]
[Site "Heraklio GRE"]
[Date "2008.10.26"]
[Round "7.11"]
[White "Poli, Diego"]
[Black "Cizman, Gregor"]
[Result "1/2-1/2"]
[WhiteElo "1400"]
[BlackElo "1867"]
[PlyCount "37"]
[EventDate "2008.10.18"]
[EventType "team-"]
[EventRounds "9"]
[EventCountry "GRE"]
[Source "lmi"]
[SourceDate "2008.10.19"]

1. d4 d5 2. Bf4 e6 3. Nf3 Nf6 4. Nbd2 Bd6 5. Bg5 Nbd7 6. e4 dxe4 7. Nxe4 Be7 8.
Bxf6 Nxf6 9. Nxf6+ Bxf6 10. Be2 O-O 11. O-O b6 12. c3 Bb7 13. Qc2 Qd6 14. Rad1
Rfd8 15. h3 g6 16. Qc1 Qe7 17. Nh2 Rd7 18. Bf3 Bd5 19. Rfe1 1/2-1/2

[Event "13. Olimpiada por Equipos de Ajedrecist"]
[Site "Heraklio GRE"]
[Date "2008.10.26"]
[Round "7.12"]
[White "Holmela, Kari"]
[Black "Nemes, Gyorgy"]
[Result "1/2-1/2"]
[WhiteElo "1933"]
[BlackElo "2010"]
[PlyCount "88"]
[EventDate "2008.10.18"]
[EventType "team-"]
[EventRounds "9"]
[EventCountry "GRE"]
[Source "lmi"]
[SourceDate "2008.10.19"]

1. d4 Nf6 2. Nc3 d5 3. Bg5 e6 4. Nf3 Be7 5. e3 O-O 6. Bd3 Nbd7 7. O-O c5 8. Re1
h6 9. Bh4 a6 10. a4 Re8 11. Ne5 Qc7 12. Bg3 Bd6 13. Nxd7 Bxd7 14. Bxd6 Qxd6 15.
dxc5 Qxc5 16. e4 d4 17. Ne2 e5 18. Ng3 Rac8 19. h3 g6 20. Qd2 Kg7 21. Qe2 Rc6
22. Qd2 Qd6 23. b4 Rc3 24. Reb1 Rec8 25. Ne2 R3c7 26. b5 axb5 27. axb5 Re8 28.
Ra7 Qb6 29. Qa5 Re6 30. Qa3 Ne8 31. Ra8 Nd6 32. Kh2 Re8 33. Rxe8 Bxe8 34. f4 f6
35. fxe5 fxe5 36. Ng1 Nf7 37. Nf3 Rc5 38. Qa8 Bd7 39. Qa3 Rc3 40. Qe7 Be6 41.
Rf1 Rc7 42. Qa3 Rc3 43. Qe7 Rc7 44. Qa3 Rc3 1/2-1/2

[Event "13. Olimpiada por Equipos de Ajedrecist"]
[Site "Heraklio GRE"]
[Date "2008.10.26"]
[Round "7.12"]
[White "Tonteri, Ari"]
[Black "Eros, Pal"]
[Result "1/2-1/2"]
[WhiteElo "1986"]
[BlackElo "2071"]
[PlyCount "42"]
[EventDate "2008.10.18"]
[EventType "team-"]
[EventRounds "9"]
[EventCountry "GRE"]
[Source "lmi"]
[SourceDate "2008.10.19"]

1. e4 e6 2. d4 d5 3. Nc3 Nf6 4. Bg5 dxe4 5. Nxe4 Be7 6. Bxf6 Bxf6 7. Nf3 Nd7 8.
Bd3 c5 9. c3 cxd4 10. Nxf6+ Nxf6 11. Nxd4 O-O 12. O-O e5 13. Ne2 Qb6 14. Qc2
Re8 15. Ng3 Be6 16. Rfe1 Bd5 17. c4 Bc6 18. b3 Rad8 19. Ne4 Nxe4 20. Bxe4 g6
21. Bxc6 Qxc6 1/2-1/2

[Event "13. Olimpiada por Equipos de Ajedrecist"]
[Site "Heraklio GRE"]
[Date "2008.10.26"]
[Round "7.13"]
[White "Karnek, Jan"]
[Black "Hengles, Roberto Carlos"]
[Result "0-1"]
[WhiteElo "1400"]
[BlackElo "1976"]
[PlyCount "92"]
[EventDate "2008.10.18"]
[EventType "team-"]
[EventRounds "9"]
[EventCountry "GRE"]
[Source "lmi"]
[SourceDate "2008.10.19"]

1. d4 Nf6 2. c4 c5 3. Nf3 cxd4 4. Nxd4 e5 5. Nc2 d5 6. cxd5 Qxd5 7. Qxd5 Nxd5
8. e4 Nb4 9. Nxb4 Bxb4+ 10. Bd2 Bxd2+ 11. Nxd2 O-O 12. Bc4 Nc6 13. O-O Re8 14.
h3 Be6 15. Bb5 Red8 16. Nf3 Nd4 17. Ba4 Nxf3+ 18. gxf3 Rd2 19. h4 Rxb2 20. Rfb1
Rxb1+ 21. Rxb1 b6 22. Rb2 Rc8 23. Rd2 Kf8 24. Kg2 Ke7 25. Kg3 Rc3 26. Rb2 Ra3
27. Bb3 Bxb3 28. axb3 a5 29. Kg4 Kd6 30. f4 exf4 31. Kxf4 b5 32. h5 b4 33. Kf5
Ke7 34. f4 f6 35. e5 g6+ 36. hxg6 hxg6+ 37. Kxg6 fxe5 38. f5 Ra1 39. f6+ Kf8
40. Rf2 Rg1+ 41. Kh5 Kf7 42. Rf5 Re1 43. Rf3 e4 44. Rh3 Kxf6 45. Kg4 Ke5 46.
Rh8 Rg1+ 0-1

[Event "13. Olimpiada por Equipos de Ajedrecist"]
[Site "Heraklio GRE"]
[Date "2008.10.26"]
[Round "7.13"]
[White "Pereira do Couto, Januario"]
[Black "Molnar, Lubos"]
[Result "0-1"]
[WhiteElo "1400"]
[BlackElo "1400"]
[PlyCount "36"]
[EventDate "2008.10.18"]
[EventType "team-"]
[EventRounds "9"]
[EventCountry "GRE"]
[Source "lmi"]
[SourceDate "2008.10.19"]

1. e4 c5 2. Nf3 d6 3. c3 Nf6 4. h3 Nc6 5. Bd3 g6 6. Bc2 Bg7 7. O-O O-O 8. d4
cxd4 9. cxd4 Bd7 10. a3 Rc8 11. b4 Qc7 12. Ra2 Rfd8 13. Bd3 Qb8 14. Nbd2 a6 15.
Nb3 Be8 16. Be3 Na7 17. Qe2 Nb5 18. Rc1 Nc3 0-1

[Event "13. Olimpiada por Equipos de Ajedrecist"]
[Site "Heraklio GRE"]
[Date "2008.10.26"]
[Round "7.13"]
[White "Vaz Lucena, Jose"]
[Black "Murin, Miroslav"]
[Result "0-1"]
[WhiteElo "1400"]
[BlackElo "1861"]
[PlyCount "58"]
[EventDate "2008.10.18"]
[EventType "team-"]
[EventRounds "9"]
[EventCountry "GRE"]
[Source "lmi"]
[SourceDate "2008.10.19"]

1. d4 Nf6 2. c4 g6 3. Nc3 Bg7 4. e4 d6 5. Nf3 O-O 6. Be2 e5 7. O-O Nc6 8. d5
Ne7 9. b4 a5 10. Ba3 Nh5 11. Nd2 Nf4 12. f3 f5 13. c5 Nxe2+ 14. Qxe2 axb4 15.
Bxb4 dxc5 16. Bxc5 Rf7 17. Qc4 b6 18. Bb4 Ba6 19. Nb5 Rc8 20. Bxe7 Qxe7 21. Qb3
Qc5+ 22. Kh1 Qxb5 23. Rfc1 Bh6 24. Qc3 Qd3 25. Nc4 Qxc3 26. Rxc3 fxe4 27. fxe4
Rcf8 28. Kg1 Bxc4 29. Rxc4 Be3+ 0-1

[Event "13. Olimpiada por Equipos de Ajedrecist"]
[Site "Heraklio GRE"]
[Date "2008.10.26"]
[Round "7.14"]
[White "Caliskan, Halil"]
[Black "Grove Izak, Johannes"]
[Result "1-0"]
[WhiteElo "1400"]
[BlackElo "1400"]
[PlyCount "49"]
[EventDate "2008.10.18"]
[EventType "team-"]
[EventRounds "9"]
[EventCountry "GRE"]
[Source "lmi"]
[SourceDate "2008.10.19"]

1. e4 d6 2. Bc4 Nf6 3. Nc3 g6 4. Nf3 Bg7 5. d4 Nbd7 6. O-O O-O 7. Re1 e5 8.
dxe5 Nxe5 9. Nxe5 dxe5 10. Bg5 c6 11. a4 Qb6 12. b3 Ng4 13. Qf3 Kh8 14. Be7 Be6
15. Bxe6 fxe6 16. Bxf8 Rxf8 17. Qxg4 Rxf2 18. Nb1 c5 19. Rf1 Rxc2 20. Rf3 h5
21. Qxg6 Qd8 22. Qxh5+ Kg8 23. Qf7+ Kh8 24. Rh3+ Bh6 25. Rxh6# 1-0

[Event "13. Olimpiada por Equipos de Ajedrecist"]
[Site "Heraklio GRE"]
[Date "2008.10.26"]
[Round "7.15"]
[White "Boudalakis, Filippos"]
[Black "Hansen, Arne Mandrup"]
[Result "0-1"]
[WhiteElo "1400"]
[BlackElo "1400"]
[PlyCount "64"]
[EventDate "2008.10.18"]
[EventType "team-"]
[EventRounds "9"]
[EventCountry "GRE"]
[Source "lmi"]
[SourceDate "2008.10.19"]

1. d4 Nf6 2. c4 e5 3. dxe5 Ng4 4. Nf3 Bc5 5. e3 Nc6 6. Be2 Ngxe5 7. Nxe5 Nxe5
8. a3 a5 9. O-O O-O 10. Nc3 Ra6 11. Ne4 Ba7 12. Qa4 f5 13. Nc3 Bc5 14. Bd3 Qh4
15. Nd5 Rh6 16. h3 Rg6 17. Nf4 Rh6 18. Qxa5 b6 19. Qc3 Ng6 20. b4 Bd6 21. Qd4
Bxf4 22. exf4 Bb7 23. f3 d6 24. Be3 Rf7 25. c5 Kh8 26. Bc4 Re7 27. cxd6 Rd7 28.
Be6 Nxf4 29. Rae1 Nxh3+ 30. gxh3 Rg6+ 31. Qg4 Rxg4+ 32. fxg4 Qg3# 0-1

[Event "13. Olimpiada por Equipos de Ajedrecist"]
[Site "Heraklio GRE"]
[Date "2008.10.26"]
[Round "7.15"]
[White "Pouslen, Kjeld Porsdal"]
[Black "Hatziapostolidis, Eystratios"]
[Result "1-0"]
[WhiteElo "1400"]
[BlackElo "1400"]
[PlyCount "27"]
[EventDate "2008.10.18"]
[EventType "team-"]
[EventRounds "9"]
[EventCountry "GRE"]
[Source "lmi"]
[SourceDate "2008.10.19"]

1. d4 d5 2. c4 e6 3. Nc3 Be7 4. Bf4 Nf6 5. Nf3 O-O 6. e3 Nbd7 7. cxd5 exd5 8.
Bd3 c6 9. O-O h6 10. h3 Re8 11. a3 Nb6 12. Ne5 Bd6 13. Rc1 Qd7 14. Nxd7 1-0

[Event "13. Olimpiada por Equipos de Ajedrecist"]
[Site "Heraklio GRE"]
[Date "2008.10.26"]
[Round "7.17"]
[White "Gromme, Freddy"]
[Black "Dimopoulos, Anestis"]
[Result "1/2-1/2"]
[WhiteElo "1400"]
[BlackElo "1400"]
[PlyCount "55"]
[EventDate "2008.10.18"]
[EventType "team-"]
[EventRounds "9"]
[EventCountry "GRE"]
[Source "lmi"]
[SourceDate "2008.10.19"]

1. d4 d5 2. c4 c6 3. Nc3 Nf6 4. cxd5 cxd5 5. Nf3 Nc6 6. h3 e6 7. Bf4 a6 8. e3
Be7 9. Bd3 O-O 10. O-O b5 11. a3 Bb7 12. Rc1 Rc8 13. Re1 Nh5 14. Bh2 Bd6 15.
Ne5 Nf6 16. Nxc6 Bxc6 17. e4 Bxh2+ 18. Kxh2 Qd6+ 19. e5 Qe7 20. exf6 Qxf6 21.
Bb1 Qxf2 22. Rc2 Qf4+ 23. Kg1 Qd6 24. Rf2 b4 25. axb4 Qxb4 26. Qd3 g6 27. Rc1
Bb5 28. Qd1 1/2-1/2

[Event "13. Olimpiada por Equipos de Ajedrecist"]
[Site "Heraklio GRE"]
[Date "2008.10.27"]
[Round "8.2"]
[White "Schellmann, Frank"]
[Black "Zsiltzova-Lisenko, Lubov"]
[Result "0-1"]
[WhiteElo "2144"]
[BlackElo "2265"]
[PlyCount "136"]
[EventDate "2008.10.18"]
[EventType "team-"]
[EventRounds "9"]
[EventCountry "GRE"]
[Source "lmi"]
[SourceDate "2008.10.19"]

1. e4 c5 2. c3 Nf6 3. e5 Nd5 4. Nf3 Nc6 5. d4 cxd4 6. cxd4 d6 7. Bc4 dxe5 8.
Nxe5 e6 9. O-O Be7 10. Qf3 O-O 11. Rd1 Bf6 12. Nxc6 bxc6 13. Nc3 Bd7 14. Ne4
Be7 15. b3 a5 16. Bb2 a4 17. bxa4 Rxa4 18. Bb3 Ra7 19. Nc5 Qc7 20. Rdc1 Rb8 21.
Qe2 Bc8 22. g3 Bf8 23. f4 Qd8 24. Qf3 Ra5 25. Nd3 Bb7 26. Ne5 Bc8 27. Nd3 Qb6
28. Ne5 c5 29. Nc4 Qa7 30. Nxa5 Qxa5 31. f5 Bb7 32. fxe6 fxe6 33. Rf1 Qc7 34.
Qe2 Qc6 35. Qe4 Qd7 36. Rae1 Re8 37. Rxf8+ Kxf8 38. Qxh7 Nf6 39. Rf1 Qf7 40.
Qd3 Qh5 41. d5 e5 42. Ba3 Kg8 43. d6+ Kh8 44. d7 Rd8 45. Be6 e4 46. Qb5 Qe5 47.
Qxb7 Qxe6 48. Bxc5 Rxd7 49. Qb8+ Kh7 50. Be3 Qxa2 51. Qf4 Rd5 52. g4 Qe2 53. g5
Qg4+ 54. Qxg4 Nxg4 55. Bf4 Kg6 56. Kg2 Rd3 57. h3 Ne3+ 58. Bxe3 Rxe3 59. h4 Ra3
60. Rf4 Ra2+ 61. Kg3 e3 62. Re4 e2 63. Kf2 Kh5 64. Rxe2 Rxe2+ 65. Kxe2 Kxh4 66.
Kf2 Kxg5 67. Kg3 g6 68. Kg2 Kg4 0-1